000 00550nam a2200205Ia 4500
005 20250508152218.0
008 008 250505s9999 xx 000 0 eng d
037 _aTextual
040 _aFEDL
_beng
_cFEDL
041 _aeng
_2eng
084 _a150.1943, SKI
_qFEDL
100 _aSkinner B F
245 0 _aScience and human behavior
260 _aNew York, USA
_bThe Macmillan Company
_c1953
300 _ax,461p.
365 _aINR
_b20
650 _aPsychology
942 _cTEXL
_h150.1943, SKI
999 _c1334998
_d1334998